000 00475nam a2200193Ia 4500
003 LK-CoDNM
005 20240320104924.0
008 010623t1914 xxu||||| |||| 00| 1 eng d
040 _aLK-CoDNM
_dLK-CoDNM
_eLK-CoDNM
041 _aeng
080 _aA67
100 _aNorman,H.C
245 _aThe Commentary on the Dhammapada
260 _bThe Pali Text Society
_aLondon
_c1914
300 _bDamaged
_axv,255,21cm
490 _vVol IV
650 _aBuddhism
942 _cBK
999 _c88053
_d88053